[Event "IMSA Blitz Men 2019"]
[Site "Hengshui"]
[Date "2019.05.17"]
[Round "5.1"]
[White "Bu, Xiangzhi"]
[Black "Korobov, Anton"]
[Result "1/2-1/2"]
[WhiteElo "2729"]
[BlackElo "2687"]
[Annotator "TA"]
[PlyCount "85"]
[EventDate "2019.05.17"]
[EventType "blitz"]
[EventCountry "CHN"]
[SourceTitle "playchess.com"]
[Source "ChessBase"]
[SourceQuality "1"]

{[%evp 9,85,8,25,3,8,2,13,9,19,14,20,8,17,6,20,18,25,-16,-16,-12,42,32,27,34,43,18,34,-10,2,-4,0,0,0,-48,0,0,0,0,0,0,0,0,0,0,0,0,0,0,0,0,0,0,27,19,22,15,10,0,0,0,0,0,0,0,0,0,0,0,0,0,0,0,0,0,0,0,0,0]} 1. Nf3 d5 2. d4 Nf6 3. c4 c6 4. Nc3 dxc4 5. a4 a5 6. e3 {D16: Slav Defence: 5 a4: Lines with 5...Bg4 and 5...Na6} (6. e4 Bg4 7. Be3 e6 8. Bxc4 Bb4 9. Qc2 Bh5 10. Ne5 Nfd7 11. O-O O-O 12. Nd3 Na6 13. Bxa6 Rxa6 14. Nxb4 axb4 15. Na2 f5 16. exf5 exf5 17. Nxb4 {1-0 (32) So,W (2812)-Jobava,B (2707) Leuven 2017}) 6... Bg4 7. Bxc4 {Black must now prevent Ne5!} e6 8. O-O Nbd7 9. h3 Bh5 10. Qe2 Bb4 11. Rd1 O-O 12. e4 h6 13. e5 $146 ({Predecessor:} 13. Bf4 Re8 14. Rac1 Qb6 15. Bh2 {0-1 (54) Ivoskaite,D (2008)-Genutis,M (2214) Klaipeda 2002}) 13... Nd5 14. Nxd5 exd5 ({Better is} 14... cxd5 $11 15. Bd3 Rc8) 15. Bd3 $14 Re8 16. g4 Bg6 17. Bxg6 fxg6 18. Ne1 Nf8 19. Nd3 Ne6 20. Be3 g5 21. Rf1 Rf8 22. f4 gxf4 23. Nxf4 Qe8 24. Nxe6 Qxe6 25. Qd3 h5 26. Rf5 hxg4 27. hxg4 g6 28. Rxf8+ $1 Rxf8 29. Qe2 c5 {[#] Threatens to win with ...cxd4.} 30. Rf1 $1 c4 31. Rxf8+ Bxf8 {The position is equal.} 32. Qf3 Qf7 33. Kf2 Qxf3+ 34. Kxf3 $11 {[%mdl 4096] Endgame KB-KB} Kf7 35. Bg5 Ke6 36. Ke2 Bb4 37. Bd2 Kd7 38. Bxb4 axb4 39. Kd2 Ke6 40. Kc2 b6 41. Kd2 Kd7 42. Kc2 Ke6 43. Kd2 {Accuracy: White = 60%, Black = 70%.} 1/2-1/2

[Event "IMSA Blitz Men 2019"]
[Site "Hengshui"]
[Date "2019.05.17"]
[Round "5.1"]
[White "Andreikin, Dmitry"]
[Black "Yu, Yangyi"]
[Result "1/2-1/2"]
[WhiteElo "2722"]
[BlackElo "2739"]
[Annotator "ChessBase"]
[PlyCount "113"]
[EventDate "2019.05.17"]
[EventType "blitz"]
[EventCountry "CHN"]
[SourceTitle "playchess.com"]
[Source "ChessBase"]
[SourceQuality "1"]
[TimeControl "180+2"]

1. d4 {[%emt 0:00:00]} Nf6 {[%emt 0:00:00]} 2. c4 {[%emt 0:00:00]} e6 {[%emt 0:00:00]} 3. Nf3 {[%emt 0:00:01]} d5 {[%emt 0:00:00]} 4. Nc3 {[%emt 0:00:02]} Be7 {[%emt 0:00:01]} 5. Bg5 {[%emt 0:00:08]} h6 {[%emt 0:00:04]} 6. Bh4 {[%emt 0:00:02]} O-O {[%emt 0:00:03]} 7. e3 {[%emt 0:00:01]} Nbd7 {[%emt 0:00:03]} 8. Be2 {[%emt 0:00:11]} c5 {[%emt 0:00:18]} 9. cxd5 {[%emt 0:00:06]} Nxd5 {[%emt 0:00:03]} 10. Bxe7 {[%emt 0:00:02]} Nxe7 {[%emt 0:00:02]} 11. O-O {[%emt 0:00:02]} cxd4 {[%emt 0:00:14]} 12. Qxd4 {[%emt 0:00:02]} Nf6 {[%emt 0:00:01]} 13. Rfd1 {[%emt 0:00:04]} Qxd4 {[%emt 0:00:06]} 14. Nxd4 {[%emt 0:00:02]} Bd7 {[%emt 0:00:02]} 15. Bf3 {[%emt 0:00:05]} Rab8 {[%emt 0:00:08]} 16. Ndb5 {[%emt 0:00:02]} a6 {[%emt 0:00:14]} 17. Nd6 {[%emt 0:00:02]} Bc6 {[%emt 0:00:01]} 18. Bxc6 {[%emt 0:00:20]} Nxc6 {[%emt 0:00:00]} 19. Na4 {[%emt 0:00:08]} Ne8 {[%emt 0:00:32]} 20. Ne4 {[%emt 0:00:18]} Nf6 {[%emt 0:00:03]} 21. Nxf6+ {[%emt 0:00:05]} gxf6 {[%emt 0:00:06]} 22. Nc5 {[%emt 0:00:01]} Ne5 {[%emt 0:00:17]} 23. f4 {[%emt 0:00:29]} Rbc8 {[%emt 0:00:06]} 24. Nxe6 {[%emt 0:00:31]} fxe6 {[%emt 0:00:09]} 25. fxe5 {[%emt 0:00:01]} Rc2 {[%emt 0:00:01]} 26. Rd6 {[%emt 0:00:14]} fxe5 {[%emt 0:00:15]} 27. Rf1 {[%emt 0:00:04]} Rxf1+ {[%emt 0:00:22]} 28. Kxf1 {[%emt 0:00:00]} Rxb2 {[%emt 0:00:01]} 29. Rxe6 {[%emt 0:00:02]} Rxa2 30. Rb6 {[%emt 0:00:10]} a5 {[%emt 0:00:24]} 31. Rxb7 {[%emt 0:00:01]} a4 {[%emt 0:00:01]} 32. Ra7 {[%emt 0:00:07]} a3 {[%emt 0:00:02]} 33. h4 {[%emt 0:00:10]} h5 {[%emt 0:00:14]} 34. Kg1 {[%emt 0:00:02]} e4 {[%emt 0:00:12]} 35. Kh2 {[%emt 0:00:03]} Ra1 {[%emt 0:00:02]} 36. Kg3 {[%emt 0:00:21]} a2 {[%emt 0:00:01]} 37. Kf2 {[%emt 0:00:08]} Kf8 {[%emt 0:00:00]} 38. Ra6 {[%emt 0:00:05]} Kf7 {[%emt 0:00:01]} 39. Ra7+ {[%emt 0:00:02]} Ke6 {[%emt 0:00:01]} 40. Ra5 {[%emt 0:00:01]} Kd6 {[%emt 0:00:01]} 41. Ra4 {[%emt 0:00:01]} Kc5 {[%emt 0:00:01]} 42. Ra5+ {[%emt 0:00:01]} Kb4 {[%emt 0:00:01]} 43. Ra8 {[%emt 0:00:02]} Kb3 {[%emt 0:00:00]} 44. Rb8+ {[%emt 0:00:01]} Kc4 {[%emt 0:00:01]} 45. Ra8 {[%emt 0:00:01]} Kb3 {[%emt 0:00:01]} 46. Rb8+ {[%emt 0:00:02]} Kc4 {[%emt 0:00:00]} 47. Ra8 {[%emt 0:00:01]} Kd5 {[%emt 0:00:01]} 48. Ra5+ {[%emt 0:00:02]} Ke6 {[%emt 0:00:01]} 49. Kg3 {[%emt 0:00:05]} Kf6 {[%emt 0:00:06]} 50. Kf2 {[%emt 0:00:02]} Ke6 {[%emt 0:00:00]} 51. Kg3 {[%emt 0:00:02]} Kd6 {[%emt 0:00:01]} 52. Kf2 Kc6 53. Ra8 {[%emt 0:00:05]} Kd5 {[%emt 0:00:01]} 54. Ra4 {[%emt 0:00:02]} Kc6 {[%emt 0:00:02]} 55. Ra8 {[%emt 0:00:02]} Kd5 {[%emt 0:00:01]} 56. Ra4 {[%emt 0:00:01]} Kc6 {[%emt 0:00:00]} 57. Ra8 {[%emt 0:00:01]} 1/2-1/2

[Event "IMSA Blitz Men 2019"]
[Site "Hengshui"]
[Date "2019.05.17"]
[Round "5.1"]
[White "Vidit, Santosh Gujrathi"]
[Black "Dominguez Perez, Leinier"]
[Result "1/2-1/2"]
[WhiteElo "2707"]
[BlackElo "2750"]
[Annotator "TA"]
[PlyCount "196"]
[EventDate "2019.05.17"]
[EventType "blitz"]
[EventCountry "CHN"]
[SourceTitle "playchess.com"]
[Source "ChessBase"]
[SourceQuality "1"]

{[%evp 15,196,10,14,2,15,0,0,0,0,12,5,0,7,10,12,0,0,0,0,0,0,0,77,68,77,60,144,138,131,97,97,96,100,98,101,96,100,96,96,93,93,54,56,53,56,52,52,33,73,34,31,25,80,12,22,0,0,0,0,0,0,0,0,0,0,-60,0,0,0,-52,0,-8,11,19,36,28,23,0,0,0,0,-8,-8,-8,-8,-8,-8,-8,-8,-8,-8,-8,-8,-8,0,-48,-48,-48,-48,-48,0,-48,-8,-48,0,0,0,0,0,0,0,0,0,0,0,0,0,0,0,0,8,0,0,0,0,0,0,0,0,0,0,0,29985,0,0,0,0,0,0,0,0,0,0,0,0,0,0,0,0,0,0,0,0,0,0,0,0,0,0,0,0,0,0,0,0,0,0,0,0,0,0,0,0,0,8,0,0,0,0,-39,8,8,8]} 1. d4 Nf6 2. c4 e6 3. g3 d5 4. Bg2 Be7 5. Nf3 O-O 6. Nc3 {[%cal Bb1c3,Bc3d1,Bd1e3][%mdl 32]} dxc4 7. Ne5 c5 8. dxc5 Qxd1+ 9. Nxd1 {E06: Closed Catalan: Early deviations} Bxc5 10. Ne3 c3 11. bxc3 Nbd7 12. Nd3 Rb8 13. Nc4 b6 {[#]} 14. Bf4 $146 ({Predecessor:} 14. Nxc5 Nxc5 15. Ba3 Ba6 16. Ne5 Rfc8 {1-0 (54) Gelfand,B (2777)-Adams,M (2754) London 2013}) 14... Bb7 15. Bxb8 Bxg2 16. Bd6 Bxh1 17. Bxf8 Kxf8 18. f3 $1 g5 (18... Bg2 $11 {remains equal.}) 19. Nxc5 $16 Nxc5 20. Kf2 Nfe4+ (20... Bxf3 $1 $14 21. Kxf3 Nd5) 21. fxe4 Bxe4 {[%mdl 4096] Endgame KRN-KBN} 22. Ke3 Ke7 23. Ne5 Bb7 24. Nd3 Na4 25. c4 f6 26. Rc1 Kd6 27. h4 h6 28. Kd4 e5+ 29. Ke3 f5 30. hxg5 hxg5 31. Kd2 Be4 32. Nf2 Nc5 33. Rd1 Ke6 (33... Bb7 $11) 34. Kc3 ({Better is} 34. g4 $16) 34... g4 35. e3 Ke7 $1 36. Kb4 Bf3 37. Rd2 Bc6 38. Rd1 Na6+ 39. Ka3 Nc5 40. Nd3 ({White should try} 40. Kb4 $11) 40... Nd7 ({Black should play} 40... Bf3 $1 $15 41. Rd2 Ne4) 41. Rd2 Be4 42. Nb4 (42. Nf2 $11 Nf6 43. Rd1) 42... Ke6 (42... Nf6 $15 43. Rd1 Nh5) 43. Rh2 Nc5 44. Rh6+ Kf7 45. Nd5 Kg7 46. Rd6 Bf3 47. Nc3 Kf7 48. Kb2 {[#]} f4 $1 {[%mdl 512]} 49. exf4 exf4 50. gxf4 {next f5 is good for White.} g3 51. f5 g2 $1 {[%cal Rg2g1]} 52. Rg6 Nd3+ 53. Kb3 $1 Nf4 54. Rg3 Nh3 55. Rxh3 {aiming for Rg3.} g1=Q 56. Rxf3 $15 {KQ-KRN} Qd4 57. a4 Qd2 {[%mdl 1024] Black has compensation.} 58. f6 Qe1 59. Rf5 Qd2 60. Rd5 Qe1 61. Rd7+ {[%mdl 64] Double Attack} Kxf6 62. Rxa7 Ke6 63. Ra6 Kd7 64. Rxb6 Kc7 65. a5 {Hoping for Nd5+.} Qg3 66. Kb4 {Black must now prevent Nb5+.} Qe1 67. Rf6 Kb7 {Strongly threatening ...Qe7+.} ({Of course not} 67... Qe7+ $6 68. Kb3 $16) 68. Rb6+ Kc7 69. Kb3 Qe3 70. Rb5 Kc6 71. Rb6+ Kc7 72. Rb4 Kc6 73. a6 Kc7 $2 {[%mdl 8192] [#]} (73... Qa7 $11) 74. Ra4 $2 (74. a7 $1 {mates} Qf3 (74... Qxa7 75. Nb5+) 75. Rb8 Qc6 76. a8=Q Qxa8 77. Rxa8 Kd7 78. Ra6 Ke7 79. c5) 74... Kb8 $11 75. a7+ Ka8 76. Ra6 Qg3 77. Kb4 Qe1 78. Ra2 Qe7+ 79. c5 Qe1 80. c6 Qe7+ 81. Kb5 Qe5+ 82. Kc4 Qe6+ 83. Kc5 Qe7+ 84. Kd5 Qf7+ 85. Kc5 Qe7+ 86. Kb5 Qe5+ 87. Kc4 Qe6+ 88. Kc5 Qe7+ 89. Kb5 Qe5+ 90. Kc4 Qe6+ 91. Nd5 {c7 is the strong threat.} Qxc6+ 92. Kd4 Qd6 93. Ra5 Qd8 94. Ra6 Kb7 95. Ra3 Qh4+ 96. Kc5 {[%cal Ra7a8]} Qf2+ 97. Kc4 {[%cal Ra7a8]} Qxa7 98. Rxa7+ Kxa7 {Accuracy: White = 51%, Black = 64%.} 1/2-1/2

[Event "IMSA Blitz Men 2019"]
[Site "Hengshui"]
[Date "2019.05.17"]
[Round "5.1"]
[White "Fedoseev, Vladimir"]
[Black "Le, Quang Liem"]
[Result "1-0"]
[WhiteElo "2683"]
[BlackElo "2704"]
[Annotator "RC"]
[PlyCount "72"]
[EventDate "2019.05.17"]
[EventType "blitz"]
[EventCountry "CHN"]
[SourceTitle "playchess.com"]
[Source "ChessBase"]
[SourceQuality "1"]
[TimeControl "180+2"]

1. d4 {[%emt 0:00:00]} Nf6 {[%emt 0:00:00]} 2. Bg5 {[%emt 0:00:01]} d5 {[%emt 0:00:02]} 3. Nd2 {[%emt 0:00:02]} c5 {[%emt 0:00:06]} 4. dxc5 {[%emt 0:00:06]} e6 {[%emt 0:00:13]} 5. e4 {[%emt 0:00:05]} Bxc5 {[%emt 0:00:18]} 6. e5 {[%emt 0:00:04]} Qb6 {[%emt 0:00:06]} 7. exf6 {[%emt 0:00:52]} Bxf2+ {[%emt 0:00:02]} 8. Ke2 {[%emt 0:00:01]} Bxg1 {[%emt 0:00:17]} 9. fxg7 {[%emt 0:00:10]} Qf2+ {[%emt 0:00:03]} 10. Kd3 {[%emt 0:00:03]} Qd4+ {[%emt 0:00:05]} 11. Ke2 {[%emt 0:00:01]} Qxg7 {[%emt 0:00:02]} 12. Rxg1 {[%emt 0:00:28]} Qxg5 {[%emt 0:00:03]} 13. Nf3 {[%emt 0:00:00]} Qf6 {[%emt 0:00:06]} 14. c3 {[%emt 0:00:02]} Nc6 {[%emt 0:00:04]} 15. Qb3 {[%emt 0:00:08]} O-O {[%emt 0:00:12]} 16. Re1 {[%emt 0:00:17]} Rd8 {[%emt 0:00:04]} 17. Kd2 {[%emt 0:00:21]} e5 {[%emt 0:00:07]} 18. Bb5 {[%emt 0:00:05]} Qf4+ {[%emt 0:00:09]} 19. Kd1 {[%emt 0:00:08]} Bg4 {[%emt 0:00:05]} 20. h3 {[%emt 0:00:02]} Bh5 {[%emt 0:00:03]} 21. Ref1 {[%emt 0:00:23]} d4 {[%emt 0:00:12]} 22. c4 {[%emt 0:00:01]} Bg6 {[%emt 0:00:26]} 23. Nd2 {[%emt 0:00:01]} Qg5 {[%emt 0:00:11]} 24. Bxc6 {[%emt 0:00:07]} bxc6 {[%emt 0:00:01]} 25. Qf3 {[%emt 0:00:02]} Rab8 {[%emt 0:00:07]} 26. b3 {[%emt 0:00:00]} f5 {[%emt 0:00:16]} 27. Qxc6 {[%emt 0:00:02]} e4 {[%emt 0:00:16]} 28. g4 {[%emt 0:00:01]} Rbc8 {[%emt 0:00:11]} 29. Qe6+ {[%emt 0:00:02]} Kh8 {[%emt 0:00:05]} 30. Qe5+ {[%emt 0:00:01]} Kg8 {[%emt 0:00:02]} 31. gxf5 {[%emt 0:00:03]} Qh5+ {[%emt 0:00:03]} 32. Kc1 {[%emt 0:00:01]} e3 {[%emt 0:00:00]} 33. Ne4 {[%emt 0:00:02]} Qe2 {[%emt 0:00:04]} 34. fxg6 {[%emt 0:00:06]} Rxc4+ {[%emt 0:00:01]} 35. bxc4 {[%emt 0:00:09]} Qxc4+ {[%emt 0:00:01]} 36. Kb1 {[%emt 0:00:01]} Rc8 1-0

[Event "IMSA Blitz Men 2019"]
[Site "Hengshui"]
[Date "2019.05.17"]
[Round "5.1"]
[White "Gelfand, Boris"]
[Black "Cheparinov, Ivan"]
[Result "1-0"]
[WhiteElo "2676"]
[BlackElo "2667"]
[Annotator "TA"]
[PlyCount "99"]
[EventDate "2019.05.17"]
[EventType "blitz"]
[EventCountry "CHN"]
[SourceTitle "playchess.com"]
[Source "ChessBase"]
[SourceQuality "1"]

{[%evp 12,99,26,31,28,11,42,45,61,66,56,50,44,14,6,8,12,10,5,10,14,21,23,16,20,-10,-14,-29,-29,-32,-29,-30,-36,-33,-2,-47,-43,-43,-50,-91,-84,-84,-83,-83,-83,-83,-83,-86,-20,-27,-12,-31,-8,-8,-16,-261,-271,-270,-254,-262,-244,-322,-308,-571,-527,-558,-560,-680,-620,-650,-54,-44,-23,-20,-19,-22,14,-16,-20,-40,-25,-40,-48,-58,-46,-49,-49,-77,29966,29965]} 1. c4 f5 2. d4 Nf6 3. Nf3 g6 4. e3 d6 5. Be2 Bg7 6. O-O O-O 7. Nc3 c5 {A85: Dutch Defence: 2 c4 Nf6 3 Nc3} (7... Nbd7 8. Ng5 Nb6 9. Qb3 c6 10. a4 a5 11. Rd1 h6 12. Nf3 Kh7 13. Qc2 d5 14. b3 Be6 15. Ne5 {½-½ (51) Sargissian,G (2702)-Mamedyarov,S (2747) Huaian 2016}) 8. b3 Na6 {[%cal Bb8a6,Ba6c5,Bc5e4][%mdl 32]} 9. Bb2 Bd7 {White is slightly better.} 10. Rc1 Qe8 $146 ({Predecessor:} 10... Rc8 11. Qc2 Nb4 12. Qb1 {1-0 (34) Arsovic,Z (2425)-Kontic,D (2346) Banja Vrucica 2013}) 11. dxc5 Nxc5 12. Nd5 Nxd5 13. Qxd5+ Qf7 14. Bxg7 Kxg7 15. Qd2 Ne4 16. Qb2+ Qf6 17. Nd4 a5 18. f4 e5 19. Nf3 {[%cal Rf4e5]} Rfe8 20. Bd3 Nc5 21. Bb1 Bc6 22. Rcd1 Re7 23. Rd2 Rae8 24. fxe5 dxe5 25. a3 Bxf3 26. Rxf3 e4 27. Rf1 Qxb2 28. Rxb2 Rd8 29. b4 Nd3 (29... Na4 $17 30. Rbf2 Nc3 31. bxa5 Nd1) 30. Rd2 $11 Red7 {...Ne5 is the strong threat.} 31. Rfd1 $1 axb4 32. axb4 Kf6 $36 {[%mdl 2048] Black is more active.} 33. Bxd3 $2 (33. Kf1 $1 $11 {and White stays safe.}) 33... Rxd3 $19 34. Rxd3 exd3 $11 {[%mdl 4096] Endgame KR-KR} ({Not} 34... Rxd3 35. Rxd3 exd3 36. Kf2 $11) 35. Kf2 Ke5 36. Kf3 {[#]} g5 $1 37. c5 $2 (37. Ra1 {keeps fighting.}) 37... g4+ $19 38. Kf2 Ke4 39. b5 Ra8 40. Rd2 {If only White now had time for Rb2....} Ra3 $2 (40... Ra4 $19 41. c6 bxc6) 41. Rb2 $1 $15 Rc3 {Hoping for ...Rc2+.} 42. Rb4+ Kd5 {[#]} 43. c6 $1 {[%cal Rc6b7][%mdl 512]} b6 (43... bxc6 44. b6) 44. Rd4+ Kc5 45. Rxd3 $1 Rc2+ 46. Kg3 Kxb5 47. Rd5+ Kxc6 48. Rxf5 b5 49. Rf8 {aiming for Rc8+.} b4 $2 {[%mdl 8192]} (49... Rc4 $17) 50. Rc8+ {Accuracy: White = 45%, Black = 50%.} 1-0

[Event "IMSA Blitz Men 2019"]
[Site "Hengshui"]
[Date "2019.05.17"]
[Round "5.1"]
[White "Ponomariov, Ruslan"]
[Black "Jones, Gawain C B"]
[Result "1/2-1/2"]
[WhiteElo "2675"]
[BlackElo "2702"]
[Annotator "TA"]
[PlyCount "63"]
[EventDate "2019.05.17"]
[EventType "blitz"]
[EventCountry "CHN"]
[SourceTitle "playchess.com"]
[Source "ChessBase"]
[SourceQuality "1"]

{[%evp 11,63,9,15,17,32,15,19,25,28,24,33,9,13,13,13,12,13,0,0,0,0,0,19,-10,3,-4,0,-13,0,2,12,20,20,18,20,19,13,0,10,0,15,16,13,0,0,0,15,10,32,0,0,0,32,0]} 1. e4 e5 2. Bc4 Nf6 3. d3 Nc6 4. Nf3 Bc5 5. O-O d6 6. c3 a6 7. a4 {C54: Giuoco Piano: 4 c3 Nf6, main lines with 5 d4 and 5 d3} Ba7 8. Nbd2 O-O 9. Re1 {The position is equal.} h6 10. h3 Ne7 11. d4 Nc6 $146 {[%cal Re5d4]} ({Predecessor:} 11... exd4 12. cxd4 Nc6 13. d5 Ne5 14. Nxe5 dxe5 15. Nf3 Re8 {0-1 (35) Bacrot,E (2718)-Bu,X (2725) Liaocheng 2018}) 12. dxe5 Nxe5 13. Nxe5 dxe5 14. Qf3 Qe7 15. Bf1 Be6 16. Nc4 Nd7 17. b3 Rfd8 18. Ba3 Qg5 19. g3 Nc5 20. h4 Qf6 21. Qxf6 gxf6 22. Bxc5 $1 Bxc5 23. b4 Ba7 24. Rad1 Kf8 25. Na5 (25. Kg2 {looks sharper.} Bd7 26. Ra1 b5 27. axb5 axb5 28. Na5) 25... Rxd1 (25... Bg4 {is interesting.} 26. Rd5 c6 27. Rxd8+ Rxd8 28. Be2 Bxe2 29. Rxe2 Rd3) 26. Rxd1 Rb8 27. Be2 Ke7 28. Kg2 Bb6 29. Nc4 Ba7 30. Na5 Bb6 31. Nc4 Ba7 32. Na5 {Accuracy: White = 39%, Black = 46%.} 1/2-1/2

[Event "IMSA Blitz Men 2019"]
[Site "Hengshui"]
[Date "2019.05.17"]
[Round "5.2"]
[White "Dominguez Perez, Leinier"]
[Black "Vidit, Santosh Gujrathi"]
[Result "0-1"]
[WhiteElo "2750"]
[BlackElo "2707"]
[Annotator "RC"]
[PlyCount "88"]
[EventDate "2019.05.17"]
[EventType "blitz"]
[EventCountry "CHN"]
[SourceTitle "playchess.com"]
[Source "ChessBase"]
[SourceQuality "1"]
[TimeControl "180+2"]

1. e4 {[%emt 0:00:00]} e5 {[%emt 0:00:00]} 2. Nf3 {[%emt 0:00:00]} Nc6 {[%emt 0:00:00]} 3. Bc4 {[%emt 0:00:01]} Bc5 {[%emt 0:00:00]} 4. c3 {[%emt 0:00:00]} Nf6 {[%emt 0:00:01]} 5. d3 {[%emt 0:00:01]} O-O {[%emt 0:00:02]} 6. Nbd2 {[%emt 0:00:01]} d6 {[%emt 0:00:01]} 7. O-O {[%emt 0:00:02]} a5 {[%emt 0:00:02]} 8. h3 {[%emt 0:00:02]} h6 {[%emt 0:00:01]} 9. Re1 {[%emt 0:00:01]} Be6 {[%emt 0:00:01]} 10. Bb5 {[%emt 0:00:01]} Qb8 {[%emt 0:00:01]} 11. Nf1 {[%emt 0:00:01]} Qa7 {[%emt 0:00:00]} 12. Qd2 {[%emt 0:00:01]} a4 {[%emt 0:00:16]} 13. Ng3 {[%emt 0:00:01]} Qa5 {[%emt 0:00:13]} 14. Bxc6 {[%emt 0:00:01]} bxc6 {[%emt 0:00:03]} 15. Nh4 {[%emt 0:00:02]} Kh7 {[%emt 0:00:07]} 16. Nhf5 {[%emt 0:00:00]} Ng8 {[%emt 0:00:01]} 17. Nh5 {[%emt 0:00:01]} Bxf5 {[%emt 0:00:10]} 18. exf5 {[%emt 0:00:01]} f6 {[%emt 0:00:10]} 19. Qe2 {[%emt 0:00:00]} Rf7 {[%emt 0:00:08]} 20. Qf3 {[%emt 0:00:39]} Qb5 {[%emt 0:00:15]} 21. Re4 {[%emt 0:00:10]} Ne7 {[%emt 0:00:13]} 22. Rh4 {[%emt 0:00:04]} Rh8 {[%emt 0:00:15]} 23. Rb1 {[%emt 0:00:51]} Ba7 {[%emt 0:00:05]} 24. Ng3 {[%emt 0:00:35]} d5 {[%emt 0:00:41]} 25. Bd2 {[%emt 0:00:04]} c5 {[%emt 0:00:11]} 26. c4 {[%emt 0:00:18]} Qd7 {[%emt 0:00:04]} 27. Be3 {[%emt 0:00:09]} c6 {[%emt 0:00:03]} 28. b3 {[%emt 0:00:03]} axb3 {[%emt 0:00:09]} 29. Rxb3 {[%emt 0:00:02]} Rff8 {[%emt 0:00:17]} 30. Qh5 {[%emt 0:00:15]} Kg8 {[%emt 0:00:04]} 31. Rg4 {[%emt 0:00:03]} Rf7 {[%emt 0:00:12]} 32. a4 {[%emt 0:00:02]} dxc4 {[%emt 0:00:02]} 33. Rb1 {[%emt 0:00:17]} cxd3 {[%emt 0:00:03]} 34. Bd2 {[%emt 0:00:03]} Nd5 {[%emt 0:00:04]} 35. a5 {[%emt 0:00:05]} Nf4 {[%emt 0:00:03]} 36. Bxf4 {[%emt 0:00:04]} exf4 {[%emt 0:00:01]} 37. Rxf4 {[%emt 0:00:01]} Re7 {[%emt 0:00:02]} 38. Re4 {[%emt 0:00:05]} c4 {[%emt 0:00:04]} 39. Rxe7 {[%emt 0:00:07]} Qxe7 {[%emt 0:00:01]} 40. a6 {[%emt 0:00:01]} c3 {[%emt 0:00:07]} 41. Rb7 {[%emt 0:00:00]} Qf8 {[%emt 0:00:04]} 42. Qd1 {[%emt 0:00:06]} c2 {[%emt 0:00:01]} 43. Qd2 {[%emt 0:00:02]} Qc5 {[%emt 0:00:03]} 44. Ne2 Qxf2+ 0-1

[Event "IMSA Blitz Men 2019"]
[Site "Hengshui"]
[Date "2019.05.17"]
[Round "5.2"]
[White "Yu, Yangyi"]
[Black "Andreikin, Dmitry"]
[Result "1/2-1/2"]
[WhiteElo "2739"]
[BlackElo "2722"]
[Annotator "TA"]
[PlyCount "51"]
[EventDate "2019.05.17"]
[EventType "blitz"]
[EventCountry "CHN"]
[SourceTitle "playchess.com"]
[Source "ChessBase"]
[SourceQuality "1"]

{[%evp 12,51,12,14,36,0,0,0,0,0,0,0,0,0,0,0,0,0,10,0,1,0,0,0,18,21,28,13,22,13,22,7,7,-11,29,0,20,-22,24,0,8,-19]} 1. e4 e5 2. Nf3 Nc6 3. Bb5 Nf6 4. O-O Nxe4 5. Re1 Nd6 6. Nxe5 Be7 7. Bf1 Nf5 {C67: Ruy Lopez: Berlin Defence: 4 0-0 Nxe4} (7... Nxe5 8. Rxe5 O-O 9. d4 Bf6 10. Re1 Re8 11. c3 Rxe1 12. Qxe1 Ne8 13. d5 c6 14. Qd1 b6 15. Bf4 Bb7 16. dxc6 dxc6 17. Nd2 c5 18. Nc4 Qxd1 19. Rxd1 {½-½ (40) Anand,V (2774)-Caruana,F (2819) Karlsruhe/Baden Baden 2019}) 8. Nc3 (8. Nf3 {is interesting.} d5 9. d4 O-O 10. c3 Nd6 11. Qb3) 8... Nxe5 9. Rxe5 d6 10. Re1 d5 11. d4 c6 12. Ne2 {[%cal Bc3e2,Be2c1,Bc1d3,Bd3e5][%mdl 32]} O-O 13. c3 Re8 $146 ({Predecessor:} 13... a5 14. a4 Bd6 15. Bf4 {1-0 (43) Zamengo,F (2326)-Petkov,V (2492) Spoleto 2016}) 14. Bf4 Be6 15. Qd2 Qd7 16. a4 a5 17. Nc1 Nd6 18. Nd3 Ne4 19. Qd1 Bf5 20. Ne5 Qc8 21. Bd3 Nd6 22. Bf1 Ne4 23. Bd3 (23. f3 $5 {[%cal Rf3e4]} Nd6 24. g4 $11) 23... Nd6 24. Bf1 Ne4 25. Bd3 Nd6 26. Bf1 {Accuracy: White = 42%, Black = 59%.} 1/2-1/2